やばいクレーマーのSUSURU TV - Statistics

General Stats
  • This quiz has been taken 278 times
    277 since last reset
  • The average score is 14 of 18
Answer Stats
クレーム % Correct

啜る~!{殺すぞ}~!

93%
{チャーシュー}をサービスしてもらいました
91%
いただきま~~~~す!まずは{スープ}から
90%
ワシワシとした食感の麺の中には、{髪の毛}が入っており
87%
さすがのSUSURUも {厨房}に入って行ってしまいました~!
87%
着席時 {コップに水垢}が付いていたのを見て
84%
{卓上調味料}を全部倒してしまいました~!
84%
こちらが {濃厚とんこつ豚無双}さんの
82%
{虫}が入っており 怒りのあまり
79%

{コラ}~!

79%

{うっひょ}~~~~~~!

78%
すっかり店側も立場を弁え 誠意の{チャーシュー丼}を貰った所で
77%
俺の動画次第で{この店潰す事}だってできるんだぞってことで
76%
ちなみに、{店主さんが土下座}している様子は ぜひサブチャンネルをご覧ください
65%
{大きな声}を出したら 店主さんからの誠意で
62%
{濃厚無双ラーメン} 海苔トッピングです
49%
これでもかって位{ドロドロの濃厚スープ}の中には
49%
お次に {圧倒的存在感}の極太麺を
44%
No matching quizzes found
Score Distribution
Percent of People with Each Score
Percentile by Number Answered
Your Score History
You have not taken this quiz since the last reset